书目信息 |
| 题名: |
中国分省高速公路 国道 省道地图册
|
|
| 作者: | ;测绘出版社 , 北京建宏世纪文化科技公司 编制 | |
| 分册: | ||
| 出版信息: | 北京 测绘出版社 2009 |
|
| 页数: | 189页 | |
| 开本: | 21cm | |
| 丛书名: | ||
| 单 册: | ||
| 中图分类: | F542.7-64 , F512.99-64 | |
| 科图分类: | ||
| 主题词: | 高速公路--公路图--中国 , 公路图--中国 | |
| 电子资源: | ||
| ISBN: | 978-7-5030-1888-6 | |
| 000 | 01064nam0 2200289 450 | |
| 001 | 012015000380 | |
| 005 | 20150914151008.40 | |
| 010 | @a978-7-5030-1888-6@dCNY20.00 | |
| 100 | @a20090224d2009 em y0chiy0110 ea | |
| 101 | 0 | @achi |
| 102 | @aCN@b110000 | |
| 105 | @ab z 000yy | |
| 106 | @ar | |
| 200 | 1 | @a中国分省高速公路 国道 省道地图册@Azhong guo fen sheng gao su gong lu guo dao sheng dao di tu ce@f测绘出版社,北京建宏世纪文化科技公司编制 |
| 210 | @a北京@c测绘出版社@d2009 | |
| 215 | @a189页@d21cm | |
| 300 | @a本图册上中国国界线系按照中国地图出版社1989年出版的1:400万《中华人民共和国地形图》绘制 | |
| 314 | @a编制者取自版权页 | |
| 330 | @a本书提供了34个省区高速公路、国道、省道地图,并配有各省公路里程表。 | |
| 606 | 0 | @a高速公路@x公路图@y中国 |
| 606 | 0 | @a公路图@y中国 |
| 690 | @aF542.7-64@v5 | |
| 690 | @aF512.99-64@v5 | |
| 711 | 02 | @a测绘出版社@Ace hui chu ban she@4编制 |
| 711 | 02 | @a北京建宏世纪文化科技公司@Abei jing jian hong shi ji wen hua ke ji gong si@4编制 |
| 801 | 0 | @aCN@b碧洲教育@c20150716 |
| 905 | @a10447@f4@dF542.7-64@e9 | |
| 中国分省高速公路 国道 省道地图册/测绘出版社,北京建宏世纪文化科技公司编制.-北京:测绘出版社,2009 |
| 189页;21cm |
| 本图册上中国国界线系按照中国地图出版社1989年出版的1:400万《中华人民共和国地形图》绘制 |
| ISBN 978-7-5030-1888-6:CNY20.00 |
| 本书提供了34个省区高速公路、国道、省道地图,并配有各省公路里程表。 |
| ● |
| 相关链接 |
|
|
|
|
正题名:中国分省高速公路 国道 省道地图册
索取号:F542.7-64/9
 
预约/预借
| 序号 | 登录号 | 条形码 | 馆藏地/架位号 | 状态 | 备注 |
| 1 | 0849524 | 208495243 | 第一样本阅览室/ [索取号:F542.7-64/9] | 在馆 | |
| 2 | 0849525 | 208495252 | 第一借阅区/ [索取号:F542.7-64/9] | 在馆 | |
| 3 | 0849526 | 208495261 | 第一借阅区/ [索取号:F542.7-64/9] | 在馆 | |
| 4 | 0849527 | 208495270 | 第一借阅区/ [索取号:F542.7-64/9] | 在馆 |